| 000 | 02069nam a22002057a 4500 | ||
|---|---|---|---|
| 999 |
_c1137 _d1137 |
||
| 001 | T027600013361 | ||
| 008 | 181014b xve||||| m 0 e0p | esp | ||
| 040 |
_aFEVP _cFEVP |
||
| 041 | _aspa | ||
| 099 |
_3EVP T-G.P. _bM296 |
||
| 100 | _aManzo, Iris | ||
| 245 | _aModelo planeado de gerencia del cambio en la Dirección de Recursos Humanos de la Dirección Ejecutiva de la Magistratura | ||
| 260 | _cSeptiembre 2008 | ||
| 300 | _a120 pp. | ||
| 500 | _aImpreso | ||
| 502 | _aTESIS -- Especialista, Especialista en Gerencia Pública | ||
| 520 | _aEste estudio tiene como propósito fundamental realizar una propuesta dentro del proceso de reorganización, cuyo enfoque se enmarca un modelo planeado de Gerencia de Cambio en la Dirección General de Recursos Humanos de la Dirección Ejecutiva de la Magistratura, Tribunal Supremo de Justicia. De esta manera se abordan contenidos teóricos asociados a la gerencia de cambio, la reorganización, desarrollo organizacional entre otros, y se utilizó como modelo de referencia el de Kart Lewin (1958) a través de la investigación-acción, debido a que cumple con la metodología descriptiva planteada para la investigación y permitirá disminuir la incertidumbre y crear condiciones para aumentar la eficiencia en el desarrollo de las operaciones del organismo para obtener un mejor aprovechamiento de sus recursos, establecer una comunicación efectiva y estar al tanto de las actividades departamentales como interdepartamentales, por medio de informes periódicos sobre su actuación y los resultados obtenidos. A los fines de realizar una reorganización sin trauma con el personal existente, asimismo, planificar los esfuerzos, realizar estrategias, dar herramientas básicas al Recurso Humano de manera de ampliar las posibilidades de éxito en el proceso de transformación organizacional, como una respuesta al cambio, que pretende modificar creencias, actitudes, valores, estructura y procesos de la organización y la Dirección antes descrita. | ||
| 700 |
_aTovar Alonzo, Xiomara _eTutora |
||
| 942 | _cTES | ||